000 00969nam a2200277 a 4500
001 BRCA_7798
005 20190320210012.0
008 011013s1958----u--a######---#000-0#eng-#
041 _aeng
044 _au
050 4 _aNK2528
_b.E54 1958
245 1 0 _aEnglish furniture, with some furniture of other countries in the Irwin Untermyer Collection
_cIntroduction by John Gloag ; notes and comments by Yvonne Hackenbroch.
260 _aCambridge
_bMetropolitan Museum of Art
_c1958
300 _alxv, 95 p.
_bil. (algunas a color), 359 láminas
_c30 cm.
440 0 _aIrwin Untermyer collection
_n3
_919314
500 _aX60
504 _aBibliografĂ­a p. 86-87
600 1 4 _aUntermyer, Irwin
_919315
650 1 4 _aMuebles ingleses
_99632
650 1 4 _aMuebles
_xColecciones particulares
_919316
650 1 4 _aColeccionistas y colecciones
_919317
700 1 _aGloag, John
_eintr.
_919318
700 1 _aHackenbroch, Yvonne
_913599
902 _aGFM
942 _2lcc
_cB
999 _c7472
_d7472